Fast Typing - Uruguay - Statistics

General Stats
  • This quiz has been taken 75 times
  • The average score is 11 of 15
Answer Stats
Uruguay % Correct
Uruguay
100%
Uruguay
97%
Uruguay
94%
Uruguay
91%
Uruguay
85%
Uruguay
74%
Uruguay
71%
Uruguay
71%
Uruguay
65%
Uruguay
62%
Uruguay
59%
Uruguay
53%
Uruguay
47%
Uruguay
47%
Uruguay
38%
No matching quizzes found
Score Distribution
Percent of People with Each Score
Percentile by Number Answered
Your Score History
You have not taken this quiz